| 000 | 00398nam a2200157Ia 4500 | ||
|---|---|---|---|
| 008 | 230524s9999 xx 000 0 und d | ||
| 020 | _a8120325079 | ||
| 082 |
_a621.387 _bBOR |
||
| 100 | _aGlenn D.Boreman | ||
| 245 | 0 | _aBasic Electro-Optics for Electrical Engineers | |
| 260 |
_aNEW DELHI _bPHI _c2004 |
||
| 300 | _aVII;97 | ||
| 500 | _aQuantity Number: 2 | ||
| 650 | _aElectrical | ||
| 942 | _cBK | ||
| 999 |
_c4465 _d4465 |
||